Mi Escuela/my school / (Record no. 9341)
[ view plain ]
| 000 -LEADER | |
|---|---|
| fixed length control field | 00799nam a22002777a 4500 |
| 001 - CONTROL NUMBER | |
| control field | 9341 |
| 003 - CONTROL NUMBER IDENTIFIER | |
| control field | FISKH |
| 005 - DATE AND TIME OF LATEST TRANSACTION | |
| control field | 20251211114852.0 |
| 008 - FIXED-LENGTH DATA ELEMENTS--GENERAL INFORMATION | |
| fixed length control field | 251211b cb ||||| |||| 00| 0 eng d |
| 020 ## - INTERNATIONAL STANDARD BOOK NUMBER | |
| International Standard Book Number | 9780516250663 |
| 040 ## - CATALOGING SOURCE | |
| Original cataloging agency | FISKH |
| Language of cataloging | eng |
| Transcribing agency | FISKH |
| Modifying agency | FISKH |
| 050 ## - LIBRARY OF CONGRESS CALL NUMBER | |
| Classification number | LC2669 .A53 |
| 082 ## - DEWEY DECIMAL CLASSIFICATION NUMBER | |
| Classification number | 371.829 |
| 100 ## - MAIN ENTRY--PERSONAL NAME | |
| Personal name | Ancona, George |
| Relator term | Author |
| 245 ## - TITLE STATEMENT | |
| Title | Mi Escuela/my school / |
| Statement of responsibility, etc. | Written by George Ancona |
| 260 ## - PUBLICATION, DISTRIBUTION, ETC. | |
| Place of publication, distribution, etc. | New York : |
| Name of publisher, distributor, etc. | Children's Press , |
| Date of publication, distribution, etc. | 2004 |
| 300 ## - PHYSICAL DESCRIPTION | |
| Extent | 32 pages : |
| Other physical details | photographs ; |
| Dimensions | 21 x 26 cm |
| 505 ## - FORMATTED CONTENTS NOTE | |
| Formatted contents note | L<br/> |
| 520 ## - SUMMARY, ETC. | |
| Summary, etc. | Christopher tells us about his school day. |
| 521 8# - TARGET AUDIENCE NOTE | |
| Target audience note | 550<br/> |
| Source | Lexile estimate<br/> |
| 521 8# - TARGET AUDIENCE NOTE | |
| Target audience note | L<br/> |
| Source | Raz-Plus<br/> |
| 650 ## - SUBJECT ADDED ENTRY--TOPICAL TERM | |
| Topical term or geographic name entry element | Spanish |
| Form subdivision | Picture book |
| 650 ## - SUBJECT ADDED ENTRY--TOPICAL TERM | |
| Topical term or geographic name entry element | Children's literature |
| Form subdivision | Elementary school |
| 942 ## - ADDED ENTRY ELEMENTS (KOHA) | |
| Source of classification or shelving scheme | Dewey Decimal Classification |
| Koha item type | Books |
| Suppress in OPAC | No |
| Withdrawn status | Lost status | Source of classification or shelving scheme | Damaged status | Not for loan | Collection | Home library | Current library | Shelving location | Date acquired | Total Checkouts | Full call number | Barcode | Date last seen | Copy number | Price effective from | Koha item type |
|---|---|---|---|---|---|---|---|---|---|---|---|---|---|---|---|---|
| Dewey Decimal Classification | Non-Fiction | Footprints International School Library Network Toul Tom Poung Campus | Footprints International School Library Network Toul Tom Poung Campus | TTP Primary Yellow Bookshelves | 12/11/2025 | ANC 371.829 LC2669 .A53 | FISBK02016 | 12/11/2025 | 1 | 12/11/2025 | Books | |||||
| Dewey Decimal Classification | Non-Fiction | Footprints International School Library Network Toul Tom Poung Campus | Footprints International School Library Network Toul Tom Poung Campus | TTP Primary Yellow Bookshelves | 01/30/2026 | ANC 371.829 LC2669 .A53 | FISBK02017 | 01/30/2026 | 2 | 01/30/2026 | Books |
